2007 mali yılı genel ve katma bütçe kanun tasarıları ile 2005 mali yılı genel ve katma bütçe kesin hesap kanunu tasarılarının plan ve bütçe komisyonu görüşme tutanakları (Record no. 4528)

MARC details
000 -BAŞLIK
Sabit Uzunlukta Kontrol Alanı 00873na a2200217 4500
001 - KONTROL NUMARASI
Denetim Alanı 21776
003 - KONTROL NUMARASI IDENTIFIER
Denetim Alanı MIRAKIL
005 - SON İŞLEM TARİHİ VE ZAMANI
Denetim Alanı 20181213155009.0
008 - SABİT-BOY VERİ ELEMANLARI - GENEL BİLGİLER
Sabit Uzunlukta Kontrol Alanı 170207b tu 000 0
040 ## - KATALOGLAMA KAYNAK
Orijinal Kataloglama Ajansı Milas
Kataloglama Dili tur
Metne Dönüştürmek Ajansı TR-AnCHP
041 ## - DİL KODU
Metin / Ses Parça Veya Ayrı Başlığın Dil Kodu tur
082 ## - DEWEY ONLU SINIFLANDIRMA NUMARASI
Sınıflandırma Numarası 351.7222
Ürün Numarası K94i 2007
090 ## - SINIFLAMA NUMARASI
Sınıflama Numarası 351.7222 K94i 2007
110 ## - ANA GİRİŞ - KURUMSAL ADI
Giriş Elemanı Olarak Kurumsal Ad Veya Yargı Alanı Adı Kültür ve Turizm Bakanlığı
245 ## - BAŞLIK TABLOSU
Başlık 2007 mali yılı genel ve katma bütçe kanun tasarıları ile 2005 mali yılı genel ve katma bütçe kesin hesap kanunu tasarılarının plan ve bütçe komisyonu görüşme tutanakları
260 ## - YAYIN, DAĞITIM, VB
Yayın, Dağıtım, Vb Yeri [Ankara]
Yayıncı, Dağıtıcı, Vs Adı [yayl. y.]
Yayın, Dağıtım, Vb Tarihi 2006
300 ## - FİZİKSEL TANIM
Kapsam 84 s.
Boyutlar 23 sm.
505 ## - BİÇİMLENDİRİLDİ İÇİNDEKİLER NOT
Biçimlendirilmiş İçeriği Dikkat Kültür ve Turizm Bakanlığı, Devlet Opera ve Balesi Genel Müdürlüğü, Devlet Tiyatroları Genel Müdürlüğü
610 ## - KONU KATMA GİRİŞ - TOPLANTI ADI
Giriş Elemanı Olarak Kurumsal Ad Veya Yargı Alanı Adı Kültür ve Turizm Bakanlığı
Genel Alt Bölüm Bütçe Komisyonu
Kronolojik Alt Bölüm Tutanaklar, 2007
942 ## - EKLENDİ GİRİŞ ELEMANLARI (KOHA)
Sınıflandırma Veya Raf Düzeni Kaynak Dewey Decimal Classification
Koha Öğesi Türü Books
999 ## - SİSTEM KONTROL NUMARALARI (KOHA)
Koha Biblionumber 4528
Koha Biblioitemnumber 4528
Holdings
Kalıcı Konum Mevcut Konum Edinme Tarihi Edinim Kaynak Toplam Check-Out'Lar Tam Çağrı Numarası Barkod Tarih Son Görülme İtibaren Geçerli Fiyatlar Koha Öğesi Türü
CHP Kütüphanesi CHP Kütüphanesi 02/07/2017 Bağış   351.7222 K94i 2007 012302 02/07/2017 02/07/2017 Books